| 000 | 00639 a2200193 4500 | ||
|---|---|---|---|
| 020 | _a0444881921 | ||
| 020 | _a9780444881922 | ||
| 082 | _a530.13 | ||
| 090 |
_c1625 _d1625 |
||
| 100 | 1 | _aHoover, W.G. | |
| 245 | 1 | 0 |
_aComputational statistical mechanics / _cW.G. Hoover. |
| 250 | _a1st ed. | ||
| 260 |
_a[S.l.] : _bElsevier Science, _c1991. |
||
| 300 |
_a314 p. ; _c26 cm. |
||
| 490 | 1 |
_aStudies in modern thermodynamics. _v2 |
|
| 830 | 0 | _aStudies in modern thermodynamics. | |
| 942 |
_aSNS _cBK _k530.13 HOO |
||
| 999 |
_c30234 _d30234 |
||